| 000 | 01387nam a2200265 a 4500 | ||
|---|---|---|---|
| 001 | BRL_438 | ||
| 005 | 20190320210737.0 | ||
| 008 | 130813s1922----mx-abeg###---#000-0#spa-# | ||
| 041 | _aspa | ||
| 044 | _amx | ||
| 050 | 4 |
_aF1219.1.T27 _b.P63 1922 |
|
| 245 | 1 | 0 |
_aLa población del Valle de Teotihuacán _bRepresentativa de las que habitan las regiones rurales del Distrito Federal y de los Estados de Hidalgo, Puebla, Mexico y Tlaxtcala. |
| 260 |
_aMéxico _bSecretaría de Agricultura y Fomento, Dirección de Antropología _c1922 |
||
| 300 |
_av. _bil. (algunas a color), hojas plegables, mapas, diagramas, planos, tablas _c29 cm. |
||
| 440 | 0 |
_aPoblaciones regionales de la republica mexicana _923913 |
|
| 500 | _at.1 v.1 Au9 ; t.1 v.2 Au1265 ; t.2 Au1266 | ||
| 500 | _aEstado físico: t.1 v.2 tiene el lomo y las pastas desprendias y el t.2 despegado el lomo. | ||
| 500 | _aEstado físico: El t.1 v.1 fue encuadernado, octubre 2013 | ||
| 505 | 0 | _aContenido: t.1 v.1 La población prehispanica - t.1 v.2 La población Colonial - t.2 La población contemporanea. | |
| 651 | 4 |
_aTeotihuacán, Sitio (San Juan Teotihuacán, México) _xVita social y costumbres _923914 |
|
| 651 | 4 |
_aTeotihuacán, Sitio (San Juan Teotihuacán, México) _xCivilizacion _923915 |
|
| 651 | 4 |
_aTeotihuacán, Sitio (San Juan Teotihuacán, México) _xAntigüedades _923836 |
|
| 902 | _aGRL | ||
| 942 |
_2lcc _cB |
||
| 999 |
_c9250 _d9250 |
||